Beitrage zur schmetterlings-fauna von Surinam (Registro nro. 13087)

Detalles MARC
000 -CABECERA
Campo de control 005910000a22001810004500
090 ## - CLASIFICACIÓN LOCAL
Colección AR
Consecutivo 04054
041 0# - IDIOMA
Código de idioma para texto/pista de sonido o título separado
100 1# - ASIENTO PRINCIPAL--NOMBRE PERSONAL
Nombre personal Moshler, H. B.
245 10 - MENCION DE TITULO
Título Beitrage zur schmetterlings-fauna von Surinam
500 ## - NOTA GENERAL
Nota general <Colección Recursos Genéticos>
650 14 - ASIENTO SECUNDARIO DE MATERIA - TERMINO TEMATICO
Término temático o nombre geográfico como elemento de entrada Entomología
650 14 - ASIENTO SECUNDARIO DE MATERIA - TERMINO TEMATICO
Término temático o nombre geográfico como elemento de entrada Mariposas
650 14 - ASIENTO SECUNDARIO DE MATERIA - TERMINO TEMATICO
Término temático o nombre geográfico como elemento de entrada Sistemática animal
650 14 - ASIENTO SECUNDARIO DE MATERIA - TERMINO TEMATICO
Término temático o nombre geográfico como elemento de entrada Listas de especies
651 #4 - ASIENTO SECUNDARIO DE MATERIA - NOMBRE GEOGRAFICO
-- Surinam
773 1# - Item fuente:
Título Verhandlungen der kaiserlich - koniglichen zoologisch botanischen gesellschaft in Wien
Descripción física 3-4
Paginas del Articulo 293-352
Lugar, editorial y fecha de publicación 1876
Información sobre la relación 26
942 ## - ELEMENTOS ADICIONALES (KOHA)
Tipo de ítem Artículo
Existencias
Withdrawn status Lost status Damaged status No para préstamo Colección Ubicación Permanente Ubicación actual Fecha de adquisición Fuente de Valor Datos de publicación Seriada Total Checkouts Número topográfico Inventario / Código de Barras Date last seen Price effective from Forma de adquisición Tipo de material
      No para Préstamo Hemeroteca Bogotá Bogotá 27/02/2015 Rincón, Martha Fuera de circulación   AR 04054 014514 25/03/2015 25/03/2015   Artículo